|
|
|
|
| LEADER |
02456nam a22004093i 4500 |
| 001 |
EBC30718612 |
| 003 |
MiAaPQ |
| 005 |
20231204023231.0 |
| 006 |
m o d | |
| 007 |
cr cnu|||||||| |
| 008 |
231204s2023 xx o ||||0 eng d |
| 020 |
|
|
|a 9781000928082
|q (electronic bk.)
|
| 020 |
|
|
|z 9781032472645
|
| 035 |
|
|
|a (MiAaPQ)EBC30718612
|
| 035 |
|
|
|a (Au-PeEL)EBL30718612
|
| 035 |
|
|
|a (OCoLC)1399170779
|
| 040 |
|
|
|a MiAaPQ
|b eng
|e rda
|e pn
|c MiAaPQ
|d MiAaPQ
|
| 082 |
0 |
|
|a 341.2
|
| 100 |
1 |
|
|a Radavoi, Ciprian Nicolae.
|
| 245 |
1 |
0 |
|a Rural and Remote Communities As Non-State Actors :
|b A Legal and Moral Argument.
|
| 250 |
|
|
|a 1st ed.
|
| 264 |
|
1 |
|a Milton :
|b Taylor & Francis Group,
|c 2023.
|
| 264 |
|
4 |
|c ©2023.
|
| 300 |
|
|
|a 1 online resource (78 pages)
|
| 336 |
|
|
|a text
|b txt
|2 rdacontent
|
| 337 |
|
|
|a computer
|b c
|2 rdamedia
|
| 338 |
|
|
|a online resource
|b cr
|2 rdacarrier
|
| 490 |
1 |
|
|a Routledge Research in International Law Series
|
| 505 |
0 |
|
|a Intro -- Cover -- Half Title -- Series -- Title -- Copyright -- Contents -- Introduction -- 1Developing Dialogues on the Non-State Actor Dynamic -- Defining Non-State Actors -- Non-State Actors in the Changing World -- Non-State Actors and the Russian Invasion of Ukraine -- The Individual as a Non-State Actor: New Directions -- The Covid-19 Pandemic and Non-State Actors -- The Fourth Industrial Revolution and Non-State Actors -- 2 Rural Communities: Non-State Actors? -- The View From Positivism: Rural Communities in International Law Regimes -- The View From New Haven: Mobilised Rural Communities in International Law -- The View From Constitutionalism: Rural Communities’ Moral Standing -- Taking the Argument Further: Remote Communities in International Law -- Conclusion.
|
| 588 |
|
|
|a Description based on publisher supplied metadata and other sources.
|
| 590 |
|
|
|a Electronic reproduction. Ann Arbor, Michigan : ProQuest Ebook Central, 2023. Available via World Wide Web. Access may be limited to ProQuest Ebook Central affiliated libraries.
|
| 655 |
|
4 |
|a Electronic books.
|
| 700 |
1 |
|
|a Price, David.
|
| 776 |
0 |
8 |
|i Print version:
|a Radavoi, Ciprian Nicolae
|t Rural and Remote Communities As Non-State Actors
|d Milton : Taylor & Francis Group,c2023
|z 9781032472645
|
| 797 |
2 |
|
|a ProQuest (Firm)
|
| 830 |
|
0 |
|a Routledge Research in International Law Series
|
| 856 |
4 |
0 |
|u https://ebookcentral.proquest.com/lib/matrademy/detail.action?docID=30718612
|z Click to View
|